1556 1017 1110 1835 1511 1571 1099 1587 1783 1603 1440 1348 1671 1086 1014 1325 1840 1965 1445 1950 1361 1820 1025 1587 1025 1886 1882 1765 1884 1886 1494 1468 1553 1284 1231 1955 1756 1052 1180 1590 1830 1671 1710 1264 1287 1490 1360 1115 1390 1912 1634 1213 1640 1170 1906 1026 1236 1447 1132 1538 1862 1201 1987 1135 1716 1998 1913 1738 1475 1372 1669 1115 1094 1851 1273 1647 1417 1357 1163 1780 1539 1228 1987 1002 1875 1843 1773 1448 1520 1094 1687 1929 1589 1507 1778 1632 1063 1768 1827 BCNSPRNW ULIB Ver.6.0+V

เปลี่ยนเป็นภาษาไทย

Change to English
 แสดงรายละเอียดบรรณานุกรม
  กลับหน้าหลัก

Brief Record : Get Marc (ISO 2709) : E-mail record : QR code < ปิดหน้าต่าง
LEADER : 00000nam 2200000uu 4500
001    13399126414
003     ULIB
008    020711s2015 th a 000 0 eng d
020    ^a9780199361465
060    ^aWT145^bJ61G
100    ^aJimmie C. Holland, Talia Weiss Wiesel, Christian J. Nelson, Andrew J. Roth, and Yesne Alici
245    ^aGeriatric Psycho-Oncology: A Quick Reference on the Psychosocial Dimensions of Cancer Symptom Management
260    ^aNew York :^bOxford University Press,^c2015
300    ^a205 pages;^b19 cm
650    ^aAged-psychology
650    ^aMental Disorders-psychology
650    ^aNeoplasms-psychology
650    ^aPatients-psychology
945    ^p2465^l0^i004640
999    ^aประนอม เกษจรัล
รายการนี้ยังไม่มีแท็ก
คุณยังไม่ได้ล็อกอิน คุณสามารถมีกิจกรรมร่วมกับเว็บไซต์ได้ แต่ต้องล็อกอินก่อน ::
  ล็อกอิน

รายการสื่อสารสนเทศ

ลำดับที่ ประเภท เลขเรียก/บาร์โค้ด สถานที่ สถานะ
1. วิทยาศาสตร์การแพทย์ และสุขภาพ
หนังสือสำรอง
สถานะ=หนังสือสำรอง
WT145 J61G ฉ.1 
  Barcode: 004640
ห้องสมุดวิทยาเขตสวรรค์ประชารักษ์
►หนังสือทั่วไป
บนชั้น

รายการใกล้เคียง
    หัวเรื่อง [Aged-psychology]

BibComment


ยังไม่เคยถูกคอมเมนท์

คอมเมนท์ทรัพยากรรายการนี้
  คอมเมนท์: Geriatric Psycho..


 Copyright 2026. Bcnsprnw @Library